Designing with geosynthetics / (Record no. 11996)

MARC details
000 -LEADER
fixed length control field 01106cam a2200265 a 4500
001 - CONTROL NUMBER
control field 4017184
005 - DATE AND TIME OF LATEST TRANSACTION
control field 20080416081721.0
008 - FIXED-LENGTH DATA ELEMENTS--GENERAL INFORMATION
fixed length control field 970716s1998 njua b 001 0 eng
010 ## - LIBRARY OF CONGRESS CONTROL NUMBER
LC control number 97030070
020 ## - INTERNATIONAL STANDARD BOOK NUMBER
International Standard Book Number 0137261756 (hardcover)
040 ## - CATALOGING SOURCE
Original cataloging agency DLC
Transcribing agency DLC
Modifying agency DLC
050 04 - LIBRARY OF CONGRESS CALL NUMBER
Classification number TA455.G44
Item number K64 1998
082 00 - DEWEY DECIMAL CLASSIFICATION NUMBER
Classification number 624.15
Edition number 21
Item number KOE
100 1# - MAIN ENTRY--PERSONAL NAME
Personal name Koerner, Robert M.
Dates associated with a name 1933-
9 (RLIN) 6796
245 10 - TITLE STATEMENT
Title Designing with Geosynthetics /
Statement of responsibility, etc Robert M. Koerner.
250 ## - EDITION STATEMENT
Edition statement 4th ed.
260 ## - PUBLICATION, DISTRIBUTION, ETC. (IMPRINT)
Place of publication, distribution, etc Upper Saddle River, NJ :
Name of publisher, distributor, etc Prentice Hall,
Date of publication, distribution, etc c1998.
300 ## - PHYSICAL DESCRIPTION
Extent xvi, 761 p. :
Other physical details ill. ;
Dimensions 25 cm.
504 ## - BIBLIOGRAPHY, ETC. NOTE
Bibliography, etc Includes bibliographical references and index.
650 #0 - SUBJECT ADDED ENTRY--TOPICAL TERM
Topical term or geographic name as entry element Geosynthetics.
9 (RLIN) 6797
942 ## - ADDED ENTRY ELEMENTS (KOHA)
Source of classification or shelving scheme Dewey Decimal Classification
Item type Book - Borrowing
Holdings
Withdrawn status Item status Source of classification or shelving scheme Damaged status Not for loan Vendor Home library Current library Shelving location Date acquired Source of acquisition Cost, normal purchase price Total Checkouts Full call number Barcode Date last seen Koha item type Total Renewals Date last borrowed
    Dewey Decimal Classification     Alef-Baa Central Library Central Library First floor 24/06/2009   150.00   624.15 KOE 000016954 15/07/2025 Book - Borrowing    
    Dewey Decimal Classification     Alef-Baa Central Library Central Library First floor 30/06/2009   150.00 1 624.15 KOE 000016986 15/07/2025 Book - Borrowing 9 19/04/2017
    Dewey Decimal Classification       Central Library Central Library First floor 18/03/2018       624.15 KOE 000047434 15/07/2025 Book - Borrowing